Normal view
MARC view
Entry Topical Term
001 - CONTROL NUMBER
- control field: 13829
003 - CONTROL NUMBER IDENTIFIER
- control field: OSt
005 - DATE AND TIME OF LATEST TRANSACTION
- control field: 20151006131300.0
008 - FIXED-LENGTH DATA ELEMENTS
- fixed length control field: 151006|| aca||aabn | a|a d
040 ## - CATALOGING SOURCE
- Original cataloging agency: OSt
- Transcribing agency: OSt
150 ## - HEADING--TOPICAL TERM
- Topical term or geographic name entry element: Geography And Travels
670 ## - SOURCE DATA FOUND
- Source citation: Work cat.: (OSt)13541: Singh, Daman 13828, The Last Frontier People And Forests In Mizoram, 1996









